| 000 | 01263cam a2200373Ia 4500 | ||
|---|---|---|---|
| 001 | 77704 | ||
| 005 | 20230410120738.0 | ||
| 008 | 090426s2009 ck a b 000 0 spa d | ||
| 035 | _a(OCoLC)ocn319501387 | ||
| 040 |
_aBTCTA _cBTCTA _dYDXCP _dEB$ _dLEO |
||
| 020 | _a9789584517777 (pbk.) | ||
| 020 | _a9584517775 (pbk.) | ||
| 035 | _a(OCoLC)319501387 | ||
| 050 | 1 | 4 |
_aHV 4998 _bS594l 2009 |
| 100 | 1 |
_aSimon, David, _d1951- |
|
| 245 | 1 | 0 |
_aLiberese de las adiciones : _bbasado en los métodos del Centro Chopra / _cDavid Simon, Deepak Chopra ; traducción de Adriana Arias de Hassan. |
| 260 |
_aBogota : _bGrupo Editorial Norma, _c2009. |
||
| 300 |
_a191 p. : _bill. ; _c24 cm. |
||
| 500 | _aTraducido de: Freedom from addiction. | ||
| 504 | _aIncludes bibliographical references (p. 183-187). | ||
| 650 | 0 |
_aSubstance abuse _xPrevention. |
|
| 650 | 0 | _aSelf-actualization (Psychology) | |
| 650 | 0 | _aHealing. | |
| 650 | 0 | _aMental healing. | |
| 650 | 0 | _aSpiritual healing. | |
| 650 | 0 | _aEmotional maturity. | |
| 700 | 1 | _aChopra, Deepak. | |
| 700 | 1 | _aArias de Hassan, Adriana. | |
| 938 |
_aBaker and Taylor _bBTCP _nBK0008344067 |
||
| 938 |
_aYBP Library Services _bYANK _n3014845 |
||
| 942 |
_2lcc _cbk |
||
| 946 | _arpeña | ||
| 994 |
_aC0 _bDRFGD |
||
| 999 |
_c51023 _d51023 |
||